|
|
|
|
| LEADER |
00000cab a2200000 ar4500 |
| 001 |
vtls009166380 |
| 003 |
SK-MaSNL |
| 005 |
20260303063519.0 |
| 008 |
071211c2007 xo wr|p|||||||000 b|slo |
| 038 |
|
|
|a PPPK
|
| 040 |
|
|
|a PPPKCL
|b slo
|c PPPKCL
|e AACR2
|
| 041 |
0 |
|
|a slo
|
| 044 |
|
|
|a xo
|c SK
|
| 080 |
|
|
|a 615.834
|x (437.6)
|2 2001
|
| 245 |
0 |
0 |
|a [Kúpele Lučivná]
|b ohlasy
|c [autor] (ová)
|
| 500 |
|
|
|a Ohlasy na: Ad.: „Priveľa otázok nezodpovedaných", Podtatranské noviny č. 29 zo 17. júla 2007
|
| 650 |
0 |
7 |
|a choroby horných ciest dýchacích
|x klimatoterapia
|2 pppkcl
|9 103694
|
| 650 |
0 |
7 |
|a deti
|x klimatoterapia
|2 pppkcl
|9 1060731
|
| 650 |
0 |
7 |
|a ohlasy
|2 pppkcl
|9 494783
|
| 651 |
|
7 |
|a Lučivná (Slovensko)
|2 pppkcl
|9 38788
|
| 651 |
|
7 |
|a Poprad (Slovensko : okres)
|2 pppkcl
|9 28675
|
| 773 |
0 |
|
|t Podtatranské noviny
|g Roč. XLVIII, č. 30 (2007), s. 2
|
| 852 |
|
|
|a PPPK
|b KIS3GCP
|
| 999 |
|
|
|c 1743361
|d 1745291
|